[Event "Scarborough CC Spring Swiss"]
[Site "Toronto CAN"]
[Date "2009.05.07"]
[Round "2"]
[White "Sherman, Joshua"]
[Black "Kurkowski, Ken"]
[Result "1-0"]
[WhiteElo "1895"]
[BlackElo "1690"]
[PlyCount "51"]
[GameId "2160767910156992"]
[EventDate "2009.04.30"]
[EventType "swiss"]
[EventRounds "8"]
[EventCountry "CAN"]
[SourceTitle "EXT 2011"]
[Source "ChessBase"]
[SourceDate "2011.11.26"]
[SourceVersion "1"]
[SourceVersionDate "2011.11.26"]
[SourceQuality "1"]

1. e4 c5 2. d4 cxd4 3. c3 Nf6 4. e5 Nd5 5. Nf3 e6 6. Bc4 Nb6 7. Bb3 Nc6 8. cxd4 d6 9. Qe2 Be7 10. O-O O-O 11. Nc3 a6 12. Rd1 Qc7 13. Bf4 Bd7 14. Rac1 d5 15. Bc2 g6 16. Ng5 Nc4 17. Bb1 Qb6 18. Nxh7 Nxd4 19. Qg4 Nf5 20. Nxf8 Bxf8 21. b3 Na3 22. Bxf5 exf5 23. Nxd5 Qb5 24. Nf6+ Kg7 25. Qh4 Bc5 26. Qh6# 1-0

[Event "Scarborough CC Spring Swiss"]
[Site "Toronto CAN"]
[Date "2009.05.07"]
[Round "2"]
[White "Wilker, Marcus"]
[Black "Ferreira, Alex"]
[Result "1-0"]
[WhiteElo "1820"]
[BlackElo "2065"]
[PlyCount "65"]
[GameId "2160767910156993"]
[EventDate "2009.04.30"]
[EventType "swiss"]
[EventRounds "8"]
[EventCountry "CAN"]
[SourceTitle "EXT 2011"]
[Source "ChessBase"]
[SourceDate "2011.11.26"]
[SourceVersion "1"]
[SourceVersionDate "2011.11.26"]
[SourceQuality "1"]

1. e4 d5 2. exd5 Nf6 3. d4 Nxd5 4. Nf3 g6 5. c4 Nb6 6. Nc3 Bg7 7. Be3 O-O 8. Be2 Nc6 9. O-O e5 10. dxe5 Nxe5 11. Qb3 Be6 12. Nxe5 Bxe5 13. Rad1 Qh4 14. g3 Qf6 15. Ne4 Qg7 16. Ng5 Bxb2 17. Nxe6 fxe6 18. Bg4 Kh8 19. Bxe6 a5 20. c5 a4 21. Qb5 Rae8 22. cxb6 Rxe6 23. bxc7 Be5 24. f4 Bf6 25. Bc5 Be7 26. Bd4 Bf6 27. Bxf6 Qxf6 28. Qg5 Qg7 29. Rd8 Rc6 30. Qe5 Kg8 31. Qd5+ Qf7 32. Qxc6 bxc6 33. c8=Q 1-0

[Event "Scarborough CC Spring Swiss"]
[Site "Toronto CAN"]
[Date "2009.05.07"]
[Round "2"]
[White "Wu, Kevin"]
[Black "Morra, Lui"]
[Result "1-0"]
[WhiteElo "1926"]
[BlackElo "1641"]
[PlyCount "67"]
[GameId "2160767910156994"]
[EventDate "2009.04.30"]
[EventType "swiss"]
[EventRounds "8"]
[EventCountry "CAN"]
[SourceTitle "EXT 2011"]
[Source "ChessBase"]
[SourceDate "2011.11.26"]
[SourceVersion "1"]
[SourceVersionDate "2011.11.26"]
[SourceQuality "1"]

1. e4 c5 2. Nf3 e6 3. d4 cxd4 4. Nxd4 a6 5. Be2 Nf6 6. Nc3 Qc7 7. O-O Be7 8. Kh1 O-O 9. f4 d6 10. Rf3 b5 11. a3 Bb7 12. Bd3 Nbd7 13. Rg3 Nc5 14. Qe2 Nxd3 15. cxd3 Nd7 16. f5 e5 17. Nc2 Nb6 18. Bh6 g6 19. Bxf8 Bxf8 20. Ne3 Rc8 21. h4 d5 22. fxg6 fxg6 23. Nexd5 Nxd5 24. Nxd5 Qd8 25. Qg4 Bxd5 26. exd5 Rc2 27. h5 Qxd5 28. hxg6 h6 29. g7 Bd6 30. Qg6 Rc8 31. Qxh6 e4 32. Qh8+ Kf7 33. g8=Q+ Ke7 34. Qhg7+ 1-0

[Event "Scarborough CC Spring Swiss"]
[Site "Toronto CAN"]
[Date "2009.05.07"]
[Round "2"]
[White "Yuan, Yuanling"]
[Black "Wu, Aaron"]
[Result "1-0"]
[WhiteElo "2286"]
[BlackElo "1961"]
[PlyCount "57"]
[GameId "2160767910156995"]
[EventDate "2009.04.30"]
[EventType "swiss"]
[EventRounds "8"]
[EventCountry "CAN"]
[SourceTitle "EXT 2011"]
[Source "ChessBase"]
[SourceDate "2011.11.26"]
[SourceVersion "1"]
[SourceVersionDate "2011.11.26"]
[SourceQuality "1"]

1. e4 c5 2. Nf3 Nc6 3. d4 cxd4 4. Nxd4 e5 5. Nb5 d6 6. c4 a6 7. N5c3 Nf6 8. h3 Be7 9. Be3 O-O 10. Be2 Be6 11. O-O Rc8 12. Nd2 Nxe4 13. Ndxe4 f5 14. Nd5 fxe4 15. Bg4 Bf5 16. Nb6 Rb8 17. Qd5+ Kh8 18. Bxf5 Rxf5 19. Qxe4 Rf8 20. Rad1 Nd4 21. Nd5 Nf5 22. Ba7 Rc8 23. Rd3 Nd4 24. Nxe7 Rxc4 25. Bxd4 Rf4 26. Qe3 Qxe7 27. Bc3 Qf8 28. Qd2 Rf6 29. Bxe5 1-0

[Event "Scarborough CC Spring Swiss"]
[Site "Toronto CAN"]
[Date "2009.05.14"]
[Round "3"]
[White "Armstrong, Robert J"]
[Black "Wu, Kevin"]
[Result "0-1"]
[WhiteElo "1820"]
[BlackElo "1926"]
[PlyCount "126"]
[GameId "2160767910156996"]
[EventDate "2009.04.30"]
[EventType "swiss"]
[EventRounds "8"]
[EventCountry "CAN"]
[SourceTitle "EXT 2011"]
[Source "ChessBase"]
[SourceDate "2011.11.26"]
[SourceVersion "1"]
[SourceVersionDate "2011.11.26"]
[SourceQuality "1"]

1. d4 Nf6 2. c4 g6 3. Nc3 Bg7 4. e4 d6 5. f3 O-O 6. Be3 e5 7. Nge2 exd4 8. Nxd4 Nbd7 9. g4 Nc5 10. h4 h5 11. g5 Nfd7 12. f4 Re8 13. Bg2 f5 14. gxf6 Nxf6 15. Qc2 Ng4 16. Kd2 Nxe3 17. Kxe3 Bxd4+ 18. Kxd4 Qf6+ 19. Ke3 Ne6 20. Raf1 Qd4+ 21. Ke2 Qxc4+ 22. Qd3 Nd4+ 23. Kd2 Qxd3+ 24. Kxd3 c5 25. Bh3 b6 26. Bxc8 Raxc8 27. Rhg1 Kh7 28. f5 gxf5 29. exf5 Rg8 30. Rg5 Rxg5 31. hxg5 Rf8 32. g6+ Kg7 33. Ke4 Re8+ 34. Kd5 Re5+ 35. Kxd6 Rxf5 36. Rxf5 Nxf5+ 37. Kc7 h4 38. Ne4 h3 39. Kb7 h2 40. Nf2 Ng3 41. Kxa7 b5 42. Kb6 b4 43. Kxc5 Ne4+ 44. Nxe4 h1=Q 45. Nd6 Qe1 46. Nc4 Kxg6 47. a3 b3 48. a4 Qe7+ 49. Kb5 Qb7+ 50. Kc5 Kf6 51. a5 Ke6 52. Nb6 Qg2 53. Nc4 Qg1+ 54. Kb4 Qd1 55. a6 Qa1 56. Kb5 Qf1 57. a7 Qf8 58. Nb6 Qf1+ 59. Ka5 Qe1+ 60. Ka6 Qe2+ 61. Kb7 Qxb2 62. a8=Q Qg2+ 63. Kc7 Qxa8 0-1

[Event "Scarborough CC Spring Swiss"]
[Site "Toronto CAN"]
[Date "2009.05.14"]
[Round "3"]
[White "Dattani, Dinesh"]
[Black "Smith, Maurice"]
[Result "0-1"]
[WhiteElo "1423"]
[BlackElo "1714"]
[PlyCount "69"]
[GameId "2160767910156997"]
[EventDate "2009.04.30"]
[EventType "swiss"]
[EventRounds "8"]
[EventCountry "CAN"]
[SourceTitle "EXT 2011"]
[Source "ChessBase"]
[SourceDate "2011.11.26"]
[SourceVersion "1"]
[SourceVersionDate "2011.11.26"]
[SourceQuality "1"]

1. d4 Nf6 2. c4 c5 3. Nf3 cxd4 4. Nxd4 d6 5. Nc3 Bd7 6. b3 g6 7. e3 Bg7 8. Be2 O-O 9. O-O Nc6 10. Bb2 Rc8 11. Bf3 b6 12. Re1 Ne5 13. Be2 Be8 14. Rc1 Nc6 15. Bf3 Bd7 16. Nxc6 Bxc6 17. e4 Re8 18. Ba1 a6 19. e5 Bxf3 20. Qxf3 dxe5 21. Rxe5 Qc7 22. Re3 Bh6 23. Rce1 Bxe3 24. Rxe3 Qc6 25. Qe2 Qc7 26. Qb2 e5 27. Rf3 Qd6 28. Re3 Rcd8 29. f4 Qd4 30. Qc1 Qxf4 31. Qe1 Rd6 32. Nd5 Nxd5 33. Bxe5 Qxe3+ 34. Qxe3 Nxe3 35. Bxd6 0-1

[Event "Scarborough CC Spring Swiss"]
[Site "Toronto CAN"]
[Date "2009.05.14"]
[Round "3"]
[White "Kurkowski, Ken"]
[Black "Ward, Dean"]
[Result "0-1"]
[WhiteElo "1690"]
[BlackElo "1700"]
[PlyCount "54"]
[GameId "2160767910156998"]
[EventDate "2009.04.30"]
[EventType "swiss"]
[EventRounds "8"]
[EventCountry "CAN"]
[SourceTitle "EXT 2011"]
[Source "ChessBase"]
[SourceDate "2011.11.26"]
[SourceVersion "1"]
[SourceVersionDate "2011.11.26"]
[SourceQuality "1"]

1. e4 c5 2. Nf3 d6 3. Bb5+ Nd7 4. O-O a6 5. Bxd7+ Bxd7 6. d4 cxd4 7. Qxd4 Bc6 8. Nc3 e5 9. Qd3 Rc8 10. Be3 Nf6 11. Rad1 Be7 12. h3 h6 13. Rfe1 O-O 14. Nd5 Bxd5 15. exd5 e4 16. Qb3 exf3 17. gxf3 Qd7 18. Kh2 b5 19. Rg1 Kh8 20. Bxh6 gxh6 21. Qe3 Kh7 22. Qd3+ Kh8 23. Qe3 Nh7 24. Qxh6 Rg8 25. Rd4 Rxg1 26. Kxg1 Rg8+ 27. Kh2 Bg5 0-1

[Event "Scarborough CC Spring Swiss"]
[Site "Toronto CAN"]
[Date "2009.05.14"]
[Round "3"]
[White "Morra, Lui"]
[Black "Arfin, Sam"]
[Result "0-1"]
[WhiteElo "1582"]
[BlackElo "1920"]
[PlyCount "76"]
[GameId "2160767910156999"]
[EventDate "2009.04.30"]
[EventType "swiss"]
[EventRounds "8"]
[EventCountry "CAN"]
[SourceTitle "EXT 2011"]
[Source "ChessBase"]
[SourceDate "2011.11.26"]
[SourceVersion "1"]
[SourceVersionDate "2011.11.26"]
[SourceQuality "1"]

1. e4 c5 2. Nf3 g6 3. d4 cxd4 4. Nxd4 Nc6 5. Be3 Nf6 6. Nc3 Bg7 7. Be2 d6 8. Nb3 Be6 9. f3 d5 10. Qd2 dxe4 11. fxe4 O-O 12. Qc1 Ne5 13. Bh6 Bxh6 14. Qxh6 Neg4 15. Qg5 Qb6 16. Bxg4 Nxg4 17. Nd1 Rfd8 18. Qf4 h6 19. h3 g5 20. Qg3 Qb4+ 21. Nc3 Nf6 22. Qe3 a5 23. O-O b5 24. Rad1 a4 25. Nc5 Bc4 26. Rfe1 Rxd1 27. Rxd1 Qxb2 28. e5 Nh5 29. e6 Nf4 30. exf7+ Bxf7 31. h4 Qxc3 32. Qf2 Rc8 33. Ne4 Qxc2 34. Rd4 Ne2+ 35. Kh2 Nxd4 36. Qxd4 Rc4 37. Qd8+ Kg7 38. Qxe7 Qxe4 0-1

[Event "Scarborough CC Spring Swiss"]
[Site "Toronto CAN"]
[Date "2009.05.14"]
[Round "3"]
[White "Moysoski, Randy"]
[Black "Sellars, Karl"]
[Result "0-1"]
[WhiteElo "1915"]
[BlackElo "2236"]
[PlyCount "74"]
[GameId "2160767910157000"]
[EventDate "2009.04.30"]
[EventType "swiss"]
[EventRounds "8"]
[EventCountry "CAN"]
[SourceTitle "EXT 2011"]
[Source "ChessBase"]
[SourceDate "2011.11.26"]
[SourceVersion "1"]
[SourceVersionDate "2011.11.26"]
[SourceQuality "1"]

1. e4 c5 2. Nc3 Nc6 3. f4 e6 4. Nf3 Nf6 5. g3 d5 6. e5 d4 7. Nb5 Nd5 8. c4 dxc3 9. Nxc3 b6 10. Bg2 Be7 11. O-O O-O 12. a3 c4 13. Ne4 Ba6 14. Re1 Na5 15. h3 Rc8 16. Kh2 Qd7 17. h4 Rfd8 18. Qc2 h6 19. Nc3 Nb3 20. Rb1 Nc5 21. Rf1 Bb7 22. Re1 b5 23. Nd1 Nd3 24. Re2 a5 25. Ne3 Bc5 26. Ra1 Bb6 27. Rb1 Qc6 28. Ne1 Nxe1 29. Rxe1 Qc5 30. Bh3 Qd4 31. Ra1 Nxf4 32. Bf1 Qxe5 33. Ng2 Qd4 34. Ne3 Nd3 35. Re2 Bc7 36. Qc3 Qxh4+ 37. Kg1 Qh1# 0-1

[Event "Scarborough CC Spring Swiss"]
[Site "Toronto CAN"]
[Date "2009.05.14"]
[Round "3"]
[White "Paterson, Jim"]
[Black "Gillis, Doug"]
[Result "1-0"]
[WhiteElo "1837"]
[BlackElo "1666"]
[PlyCount "69"]
[GameId "2160767910157001"]
[EventDate "2009.04.30"]
[EventType "swiss"]
[EventRounds "8"]
[EventCountry "CAN"]
[SourceTitle "EXT 2011"]
[Source "ChessBase"]
[SourceDate "2011.11.26"]
[SourceVersion "1"]
[SourceVersionDate "2011.11.26"]
[SourceQuality "1"]

1. e3 e5 2. c4 d6 3. Nc3 Nc6 4. d4 exd4 5. exd4 Nf6 6. Nf3 Bg4 7. Be2 Be7 8. O-O Qd7 9. Be3 a6 10. a3 O-O 11. b4 Rfe8 12. Qc2 Bf5 13. Bd3 Bxd3 14. Qxd3 d5 15. c5 Ne4 16. Nd2 Nxc3 17. Qxc3 Bf6 18. a4 Qg4 19. Nf3 Re4 20. Rfd1 Qg6 21. b5 axb5 22. axb5 Rxa1 23. Rxa1 Nd8 24. h3 h6 25. Ra8 Kh7 26. Rc8 Ne6 27. Rb8 Nf4 28. Bxf4 Rxf4 29. Rxb7 Rxf3 30. Qxf3 Bxd4 31. Qxd5 Qd3 32. Qxf7 Qd1+ 33. Kh2 Be5+ 34. f4 Bd4 35. Qf5+ 1-0

[Event "Scarborough CC Spring Swiss"]
[Site "Toronto CAN"]
[Date "2009.05.14"]
[Round "3"]
[White "Peng, Bill"]
[Black "Krupka, David"]
[Result "1-0"]
[WhiteElo "2022"]
[BlackElo "2216"]
[PlyCount "67"]
[GameId "2160767910157002"]
[EventDate "2009.04.30"]
[EventType "swiss"]
[EventRounds "8"]
[EventCountry "CAN"]
[SourceTitle "EXT 2011"]
[Source "ChessBase"]
[SourceDate "2011.11.26"]
[SourceVersion "1"]
[SourceVersionDate "2011.11.26"]
[SourceQuality "1"]

1. e4 c6 2. d4 d5 3. exd5 cxd5 4. Nf3 Nc6 5. Be2 Bg4 6. h3 Bh5 7. O-O e6 8. c4 dxc4 9. Bxc4 Bxf3 10. Qxf3 Qxd4 11. Bb5 Qb6 12. Nc3 Rc8 13. Be3 Qa5 14. a3 a6 15. b4 Qd8 16. Bxc6+ Rxc6 17. Ne4 Nf6 18. Bg5 Be7 19. Bxf6 Bxf6 20. Rad1 Qe7 21. Nc5 Rc7 22. Nxa6 Rc3 23. Qe4 O-O 24. Nc5 Rxa3 25. Rd7 Qe8 26. Rxb7 Qd8 27. Nd7 Re8 28. Qc6 Ra8 29. Rd1 Qc8 30. b5 Bd8 31. Ne5 Qxc6 32. bxc6 f6 33. Nc4 Be7 34. c7 1-0

[Event "Scarborough CC Spring Swiss"]
[Site "Toronto CAN"]
[Date "2009.05.14"]
[Round "3"]
[White "Verde, Pino"]
[Black "Sherman, Joshua"]
[Result "1-0"]
[WhiteElo "1718"]
[BlackElo "1895"]
[PlyCount "43"]
[GameId "2160767910157003"]
[EventDate "2009.04.30"]
[EventType "swiss"]
[EventRounds "8"]
[EventCountry "CAN"]
[SourceTitle "EXT 2011"]
[Source "ChessBase"]
[SourceDate "2011.11.26"]
[SourceVersion "1"]
[SourceVersionDate "2011.11.26"]
[SourceQuality "1"]

1. e4 e5 2. Nf3 d6 3. Bc4 Nf6 4. d3 Be7 5. c3 O-O 6. Bb3 Nc6 7. Nbd2 d5 8. exd5 Nxd5 9. Ne4 Kh8 10. h4 Nf4 11. Bxf4 exf4 12. Nfg5 f3 13. Qxf3 Ne5 14. Qh5 Bf5 15. Nxh7 Nxd3+ 16. Kf1 Bg6 17. Qf3 Ne5 18. Qe2 Bxh7 19. Rd1 Qc8 20. Ng5 Bxg5 21. hxg5 Qf5 22. Bc2 1-0

[Event "Scarborough CC Spring Swiss"]
[Site "Toronto CAN"]
[Date "2009.05.14"]
[Round "3"]
[White "Zhou, Kevin"]
[Black "Ferreira, Alex"]
[Result "1/2-1/2"]
[WhiteElo "1802"]
[BlackElo "2065"]
[PlyCount "84"]
[GameId "2160767910157004"]
[EventDate "2009.04.30"]
[EventType "swiss"]
[EventRounds "8"]
[EventCountry "CAN"]
[SourceTitle "EXT 2011"]
[Source "ChessBase"]
[SourceDate "2011.11.26"]
[SourceVersion "1"]
[SourceVersionDate "2011.11.26"]
[SourceQuality "1"]

1. Nc3 Nf6 2. e4 d6 3. d4 g6 4. f4 Bg7 5. e5 dxe5 6. dxe5 Qxd1+ 7. Nxd1 Nd5 8. Bc4 e6 9. Ne2 Nc6 10. Nec3 Nce7 11. Be3 b6 12. Bb5+ c6 13. Ba4 Ba6 14. Ne4 O-O 15. Kf2 f6 16. exf6 Nxf6 17. Ng5 Bc4 18. Bb3 Bxb3 19. axb3 Ng4+ 20. Kf3 Nxe3 21. Kxe3 Nd5+ 22. Kd2 Nxf4 23. g3 Bh6 24. gxf4 Rxf4 25. Rg1 Rh4 26. Nf2 Rxh2 27. Ke2 Bxg5 28. Rxg5 Rf8 29. Rf1 Kg7 30. Re5 Rf6 31. Ke3 h5 32. Rg5 Kh6 33. Rg3 Rf5 34. Rf3 g5 35. c3 Rg2 36. Nd3 h4 37. Rxf5 exf5 38. Rxf5 h3 39. Rf8 h2 40. Rh8+ Kg7 41. Rh5 Kg6 42. Rh8 Kg7 1/2-1/2

[Event "Scarborough CC Spring Swiss"]
[Site "Toronto CAN"]
[Date "2009.05.15"]
[Round "3"]
[White "Southam, David"]
[Black "Wilker, Marcus"]
[Result "1-0"]
[WhiteElo "2130"]
[BlackElo "1820"]
[PlyCount "101"]
[GameId "2160767910157005"]
[EventDate "2009.04.30"]
[EventType "swiss"]
[EventRounds "8"]
[EventCountry "CAN"]
[SourceTitle "EXT 2011"]
[Source "ChessBase"]
[SourceDate "2011.11.26"]
[SourceVersion "1"]
[SourceVersionDate "2011.11.26"]
[SourceQuality "1"]

1. d4 Nf6 2. c4 e6 3. g3 c5 4. d5 exd5 5. cxd5 d6 6. Nc3 Nbd7 7. Bg2 Ne5 8. f4 Ng6 9. Nf3 h5 10. h3 Qe7 11. e4 Bd7 12. O-O O-O-O 13. f5 Ne5 14. Nxe5 Qxe5 15. Bf4 Qe8 16. a3 Ng8 17. b4 f6 18. Rb1 Nh6 19. Qb3 b6 20. a4 Nxf5 21. exf5 Bxf5 22. Rbe1 Qd7 23. bxc5 dxc5 24. a5 Bd3 25. axb6 c4 26. Qb2 Bc5+ 27. Be3 Bxe3+ 28. Rxe3 Bxf1 29. Bxf1 Rhe8 30. Qf2 axb6 31. Rxe8 Rxe8 32. Qxb6 Qb7 33. Qxb7+ Kxb7 34. Bxc4 Rc8 35. Nb5 Kb6 36. Be2 Rc1+ 37. Kf2 Rc2 38. Nd4 Rb2 39. Ne6 Rd2 40. Ke3 Rxd5 41. Nf4 Re5+ 42. Kf2 Rf5 43. Bd3 Ra5 44. Be2 Rf5 45. Ke3 Re5+ 46. Kf3 Kc5 47. Nd3+ Kd4 48. Nxe5 fxe5 49. h4 Kd5 50. Ke3 g6 51. Bd3 1-0

[Event "Scarborough CC Spring Swiss"]
[Site "Toronto CAN"]
[Date "2009.05.21"]
[Round "4"]
[White "Jizan, Masoud"]
[Black "Armstrong, Robert J"]
[Result "1-0"]
[WhiteElo "1630"]
[BlackElo "1820"]
[PlyCount "69"]
[GameId "2160767910157006"]
[EventDate "2009.04.30"]
[EventType "swiss"]
[EventRounds "8"]
[EventCountry "CAN"]
[SourceTitle "EXT 2011"]
[Source "ChessBase"]
[SourceDate "2011.11.26"]
[SourceVersion "1"]
[SourceVersionDate "2011.11.26"]
[SourceQuality "1"]

1. d4 g6 2. e4 Bg7 3. Bc4 d6 4. Qf3 Nf6 5. e5 dxe5 6. Qb3 O-O 7. dxe5 Ng4 8. e6 Qd4 9. exf7+ Kh8 10. Nh3 Qe4+ 11. Be2 Qxg2 12. Rg1 Qe4 13. f3 Qc6 14. fxg4 Be6 15. Qd3 Nd7 16. Ng5 Ne5 17. Qh3 h5 18. Nc3 Nxf7 19. Bb5 Nxg5 20. Bxg5 Bxc3+ 21. Qxc3+ Qxc3+ 22. bxc3 Bxg4 23. Be2 Rf5 24. Be3 Bxe2 25. Kxe2 Kh7 26. Rad1 Re5 27. Rd7 Rc8 28. Kd2 c5 29. Bg5 Re8 30. h4 Kh8 31. Rxb7 Rf8 32. Rxe7 Rf2+ 33. Kc1 Ree2 34. Rxe2 Rxe2 35. Rd1 1-0

[Event "Scarborough CC Spring Swiss"]
[Site "Toronto CAN"]
[Date "2009.05.21"]
[Round "4"]
[White "Kim, Bill"]
[Black "Longo, Tyler"]
[Result "0-1"]
[WhiteElo "1792"]
[BlackElo "1996"]
[PlyCount "68"]
[GameId "2160767910157007"]
[EventDate "2009.04.30"]
[EventType "swiss"]
[EventRounds "8"]
[EventCountry "CAN"]

1. d4 Nf6 2. Nf3 e6 3. e3 b6 4. Bd3 Bb7 5. O-O c5 6. c3 Be7 7. Re1 d5 8. Qa4+ Bc6 9. Qc2 Nbd7 10. Nbd2 Qc7 11. e4 dxe4 12. Nxe4 Qb7 13. Ne5 Nxe5 14. dxe5 Nd7 15. f4 h5 16. a4 a6 17. Qe2 O-O 18. Ng3 b5 19. f5 c4 20. Bc2 Bc5+ 21. Be3 Bxe3+ 22. Qxe3 Bxg2 23. Ne4 exf5 24. Kxg2 Rad8 25. axb5 axb5 26. Kg1 fxe4 27. Bxe4 Qb6 28. Qxb6 Nxb6 29. Bc6 Rd2 30. Ra2 Na4 31. e6 fxe6 32. Rxe6 Nxc3 33. Ra7 Ne2+ 34. Kh1 Ng3+ 0-1

[Event "Scarborough CC Spring Swiss"]
[Site "Toronto CAN"]
[Date "2009.05.21"]
[Round "4"]
[White "Radpey, Abdolreza"]
[Black "Morra, Lui"]
[Result "0-1"]
[WhiteElo "1478"]
[BlackElo "1582"]
[PlyCount "86"]
[GameId "2160767910157009"]
[EventDate "2009.04.30"]
[EventType "swiss"]
[EventRounds "8"]
[EventCountry "CAN"]
[SourceTitle "EXT 2011"]
[Source "ChessBase"]
[SourceDate "2011.11.26"]
[SourceVersion "1"]
[SourceVersionDate "2011.11.26"]
[SourceQuality "1"]

1. c4 Nf6 2. Nc3 c6 3. e3 d5 4. Nf3 Qc7 5. Qc2 e5 6. d4 e4 7. Nd2 Bd6 8. g3 Be6 9. c5 Be7 10. Bg2 b6 11. b4 a5 12. Ba3 Nbd7 13. b5 bxc5 14. bxc6 Qxc6 15. Rb1 cxd4 16. Bxe7 dxc3 17. Bxf6 cxd2+ 18. Qxd2 Nxf6 19. O-O O-O 20. f3 a4 21. Rfc1 Qa6 22. fxe4 dxe4 23. Bf1 Qa5 24. Qb2 Qa7 25. Qa3 Ng4 26. Rc3 Rfc8 27. Rbc1 Rxc3 28. Rxc3 Rc8 29. Qd6 Rf8 30. Qf4 h6 31. h3 Qa5 32. Rc2 Nf6 33. Rb2 Qc3 34. Qf2 Nd5 35. Re2 Rb8 36. Bg2 Rb1+ 37. Kh2 Nb4 38. Bxe4 Rd1 39. Qf4 Qc8 40. a3 Nd5 41. Bxd5 Bxd5 42. e4 Qc4 43. exd5 Qxe2+ 0-1

[Event "Scarborough CC Spring Swiss"]
[Site "Toronto CAN"]
[Date "2009.05.21"]
[Round "4"]
[White "Wilker, Marcus"]
[Black "Moysoski, Randy"]
[Result "0-1"]
[WhiteElo "1820"]
[BlackElo "1915"]
[PlyCount "79"]
[GameId "2160767910157010"]
[EventDate "2009.04.30"]
[EventType "swiss"]
[EventRounds "8"]
[EventCountry "CAN"]
[SourceTitle "EXT 2011"]
[Source "ChessBase"]
[SourceDate "2011.11.26"]
[SourceVersion "1"]
[SourceVersionDate "2011.11.26"]
[SourceQuality "1"]

1. d4 g6 2. c4 Bg7 3. Nc3 d6 4. e4 Nd7 5. f3 e5 6. d5 Ne7 7. Bd3 b6 8. Nge2 Nc5 9. Bc2 a5 10. Be3 O-O 11. Na4 f5 12. Nxc5 bxc5 13. Nc3 f4 14. Bf2 g5 15. Qd3 g4 16. fxg4 Bxg4 17. Bd1 Qd7 18. h3 Bxd1 19. Qxd1 a4 20. Kd2 Nc8 21. Qg4 Qf7 22. Bh4 Nb6 23. Kd3 Kh8 24. Raf1 c6 25. Rf2 cxd5 26. exd5 Rg8 27. Ne4 Bf8 28. Bf6+ Bg7 29. Qh4 Nxd5 30. Bxg7+ Rxg7 31. Ng5 Qf5+ 32. Kd2 Qxg5 33. Qxg5 Rxg5 34. cxd5 Rb8 35. Kc3 Rg3+ 36. Kc2 Rb4 37. Rd1 c4 38. Rdd2 a3 39. Rf3 Rxb2+ 40. Kc3 0-1

[Event "Scarborough CC Spring Swiss"]
[Site "Toronto CAN"]
[Date "2009.05.21"]
[Round "4"]
[White "Yuan, Yuanling"]
[Black "Sellars, Karl"]
[Result "0-1"]
[WhiteElo "2286"]
[BlackElo "2236"]
[PlyCount "60"]
[GameId "2160767910157011"]
[EventDate "2009.04.30"]
[EventType "swiss"]
[EventRounds "8"]
[EventCountry "CAN"]
[SourceTitle "EXT 2011"]
[Source "ChessBase"]
[SourceDate "2011.11.26"]
[SourceVersion "1"]
[SourceVersionDate "2011.11.26"]
[SourceQuality "1"]

1. e4 c5 2. Nf3 d6 3. d4 cxd4 4. Nxd4 Nf6 5. Nc3 g6 6. Be3 Bg7 7. f3 O-O 8. Qd2 Nc6 9. Bc4 Bd7 10. h4 h5 11. O-O-O Ne5 12. Bb3 Rc8 13. Kb1 Re8 14. Rdg1 Qa5 15. g4 hxg4 16. h5 Nxh5 17. Bh6 Bf6 18. Qd1 Rxc3 19. Bd2 Rd3 20. cxd3 Qa6 21. fxg4 Qxd3+ 22. Bc2 Qxd4 23. gxh5 Nc4 24. Bc3 Na3+ 25. Kc1 Qe3+ 26. Bd2 Bxb2+ 27. Kxb2 Nc4+ 28. Kb1 Nxd2+ 29. Kb2 Nc4+ 30. Kb1 Qc3 0-1

[Event "Scarborough CC Spring Swiss"]
[Site "Toronto CAN"]
[Date "2009.05.28"]
[Round "5"]
[White "Armstrong, Robert J"]
[Black "Moran-Venegas, Mario"]
[Result "1-0"]
[WhiteElo "1820"]
[BlackElo "1780"]
[PlyCount "45"]
[GameId "2160767910157012"]
[EventDate "2009.04.30"]
[EventType "swiss"]
[EventRounds "8"]
[EventCountry "CAN"]
[SourceTitle "EXT 2011"]
[Source "ChessBase"]
[SourceDate "2011.11.26"]
[SourceVersion "1"]
[SourceVersionDate "2011.11.26"]
[SourceQuality "1"]

1. d4 Nf6 2. c4 g6 3. Nc3 d5 4. e3 Bg7 5. Nf3 c6 6. Bd3 O-O 7. O-O Nbd7 8. b3 Qc7 9. Bb2 e5 10. cxd5 exd4 11. exd4 cxd5 12. Rc1 Qd8 13. Nb5 Nb6 14. Nc7 Rb8 15. Ba3 Bg4 16. h3 Bxf3 17. Qxf3 Bh6 18. Rc2 a6 19. Re1 Rc8 20. Be7 Qd7 21. Qxf6 Rxc7 22. Bxf8 Rxc2 23. Bxh6 1-0

[Event "Scarborough CC Spring Swiss"]
[Site "Toronto CAN"]
[Date "2009.05.28"]
[Round "5"]
[White "Ferreira, Alex"]
[Black "Verde, Pino"]
[Result "1/2-1/2"]
[WhiteElo "2065"]
[BlackElo "1718"]
[PlyCount "100"]
[GameId "2160767910157013"]
[EventDate "2009.04.30"]
[EventType "swiss"]
[EventRounds "8"]
[EventCountry "CAN"]
[SourceTitle "EXT 2011"]
[Source "ChessBase"]
[SourceDate "2011.11.26"]
[SourceVersion "1"]
[SourceVersionDate "2011.11.26"]
[SourceQuality "1"]

1. g4 d6 2. Bg2 c6 3. e3 Nd7 4. d4 e5 5. Ne2 Nh6 6. Ng3 Qa5+ 7. Bd2 Qb6 8. Bc3 exd4 9. Bxd4 c5 10. Bc3 Ne5 11. h3 Bd7 12. O-O Bc6 13. f3 O-O-O 14. Nd2 f6 15. a4 c4 16. Bd4 Qa6 17. Re1 Nhf7 18. Kf2 g6 19. b4 cxb3 20. Bf1 Qa5 21. f4 h5 22. gxh5 Qd5 23. c4 Nd3+ 24. Kg1 Qe6 25. f5 gxf5 26. Bxd3 Rg8 27. Kh2 Rxg3 28. Kxg3 d5 29. c5 Bh6 30. Qf3 Rg8+ 31. Kf2 Bd7 32. c6 bxc6 33. Rg1 Ng5 34. Rxg5 Bxg5 35. Nxb3 Bh4+ 36. Ke2 Rg3 37. Ba6+ Kd8 38. Nc5 Qg8 39. Qf4 Rg2+ 40. Kd3 Bg3 41. Bxf6+ Ke8 42. Qg5 Qxg5 43. Bxg5 Be5 44. Rb1 Rxg5 45. Nxd7 Kxd7 46. Rb7+ Bc7 47. Rxa7 Rxh5 48. Bb7 Rxh3 49. Ra6 Rh6 50. Kd4 Rh4+ 1/2-1/2

[Event "Scarborough CC Spring Swiss"]
[Site "Toronto CAN"]
[Date "2009.05.28"]
[Round "5"]
[White "Hall, John"]
[Black "Kim, Bill"]
[Result "1-0"]
[WhiteElo "2262"]
[BlackElo "1792"]
[PlyCount "53"]
[GameId "2160767910157014"]
[EventDate "2009.04.30"]
[EventType "swiss"]
[EventRounds "8"]
[EventCountry "CAN"]

1. d4 c6 2. Nf3 d5 3. c4 Nf6 4. e3 e6 5. Bd3 Nbd7 6. O-O Bd6 7. Nbd2 O-O 8. e4 dxe4 9. Nxe4 Nxe4 10. Bxe4 e5 11. dxe5 Nxe5 12. Nxe5 Bxe5 13. Bxh7+ Kxh7 14. Qh5+ Kg8 15. Qxe5 Re8 16. Qc3 Qh4 17. b3 Bg4 18. Bb2 Qg5 19. Rfe1 f6 20. Qg3 Qf5 21. Bxf6 Qxf6 22. Qxg4 Re7 23. Rad1 Rae8 24. Rxe7 Rxe7 25. Rd8+ Kf7 26. Qh5+ Ke6 27. c5 1-0